000
00320nam a2200145Ia 4500
003
SEM
008
141116s9999 xx 000 0 und d
080
_a
891.981 Դ-27
100
_a
Դարյան Զարզանդ
245
_a
Հասմիկ
260
_a
Երևան
260
_c
1969
300
_a
343
942
_2
udc
_c
BK
999
_c
45930
_d
45930